000
00271nam a22001097a 4500
082
_a
355.02
_b
MOH
_c
D
100
_a
Musa, General Muhammad
_9
48845
245
_a
my version
_c
Musa muhammad
300
_a
180p.
526
_a
0
_b
0
_c
0
_d
355_020000000000000_MOH
942
_2
ddc
_c
BK
999
_c
551717
_d
551717